=LDR 00000nam 2200000 4500 =001 INLIS000000000032147 =005 20240816075509 =035 ##$$a 0010-061300000032147 =008 240816################g##########0#ind## =041 ##$$a ind =082 ##$$a R. 540.3 =090 ##$$a R. 540.3, Fat k1 =100 ##$$a FATIH, Ahmad =245 1#$$a Kamus lengkap kimia /$c Ahmad Fatih =260 ##$$a Jogjakarta :$b Panji Pustaka,$c 2008 =300 ##$$a viii, 320 hlm. ; $c 21 x 15 cm. =650 #4$$a Kimia - Kamus =850 ##$$a NBPNMAT =020 ##$$a 979-160634-X =084 ##$$a R. 540.3 FAT k =250 ##$$a ed. 1 =504 ##$$a Bibliografi; hlm. 321-322 =990 ##$$a 16181618 =990 ##$$a 16181618 =990 ##$$a 16181618 =990 ##$$a 2100961 =990 ##$$a 1201001848 =990 ##$$a 1201001849 =990 ##$$a 2100950 =990 ##$$a 1201001848 =990 ##$$a 2100961 =990 ##$$a 2100949 =990 ##$$a 2100950 =990 ##$$a 2100961